Documentos conclusivos del Sínodo de los Obispos : 30-IX-1971 - 6-XI-1971 /
Furkejuvvon:
| Searvvušdahkki: | |
|---|---|
| Materiálatiipa: | Konfereansapublikašuvdna Girji |
| Giella: | espánnjágiella |
| Almmustuhtton: |
México :
Ediciones Paulinas ,
1972, c1972
|
| Ráidu: | (Actas y Documentos Pontificios) [s.n.]
|
| Fáttát: | |
| Fáddágilkorat: |
Eai fáddágilkorat, Lasit vuosttaš fáddágilkora!
|
MARC
| LEADER | 00000nam^a2200000^a^4500 | ||
|---|---|---|---|
| 001 | 000182647 | ||
| 005 | 20250521000000.0 | ||
| 009 | 20260310102014.101 | ||
| 037 | |a Acervo ITESO - Biblioteca | ||
| 041 | |a ESP | ||
| 082 | |a 282. |b SIN 1971 | ||
| 111 | |a Sínodo de los Obispos ( |n 2° : |d 1971 : |c Vaticano (Ciudad)) | ||
| 240 | 1 | 1 | |a [Documentos conclusivos del Sínodo de los Obispos] |
| 245 | 1 | 0 | |a Documentos conclusivos del Sínodo de los Obispos : |b 30-IX-1971 - 6-XI-1971 / |c Presen. de Jean Villot. |
| 264 | 4 | |a México : |b Ediciones Paulinas , |c 1972, c1972 | |
| 300 | |a 63 p. | ||
| 336 | |a texto |b txt |2 rdacontenido | ||
| 337 | |a sin mediación |b n |2 rdamedio | ||
| 338 | |a volumen |b nc |2 rdasoporte | ||
| 440 | 1 | |a (Actas y Documentos Pontificios) [s.n.] | |
| 649 | |a XX | ||
| 650 | |a Iglesia Católica | ||
| 650 | |a Concilios y Sínodos - |z Vaticano (Ciudad) - |x Tema Principal | ||
| 650 | |a Sacerdocio - |x Tema Principal | ||
| 650 | |a Vida Monástica y Religiosa | ||
| 650 | |a Justicia e Injusticia - |x Tema Principal | ||
| 650 | |a Teología | ||
| 650 | |a Catolicismo | ||
| 650 | |a Cristianismo | ||
| 650 | |a Religión | ||
| 740 | 3 | |a El sacerdocio ministerial / |c Presen. de Jean Villot. | |
| 740 | 3 | |a La justicia en el mundo / |c Presen. de Jean Villot. | |
| 910 | |a Fondo General | ||
| 920 | |a Impresos - Libros | ||
| 930 | |a Colección General | ||
| 905 | |a 101 | ||
| 901 | |a 0500122608 |b IT1 |c ACC |u 20250521 | ||
| 902 | |a https://opac.biblio.iteso.mx/vufind/Record/000182647 | ||